Soil & Foundation Engineering (Record no. 4897)

MARC details
000 -LEADER
fixed length control field 00410nam a22001697a 4500
005 - DATE AND TIME OF LATEST TRANSACTION
control field 20160630114117.0
008 - FIXED-LENGTH DATA ELEMENTS--GENERAL INFORMATION
fixed length control field 160630b xxu||||| |||| 00| 0 eng d
020 ## - INTERNATIONAL STANDARD BOOK NUMBER
ISBN 81-8014-12-8
041 ## - LANGUAGE CODE
Language code of text/sound track or separate title eng
082 ## - DEWEY DECIMAL CLASSIFICATION NUMBER
Item number 19600
100 ## - MAIN ENTRY--AUTHOR NAME
Personal name Arora, Dr K R
245 ## - TITLE STATEMENT
Title Soil & Foundation Engineering
260 ## - PUBLICATION, DISTRIBUTION, ETC. (IMPRINT)
Name of publisher Standard Book House
Year of publication 2011
300 ## - PHYSICAL DESCRIPTION
Number of Pages 937
650 ## - SUBJECT ADDED ENTRY--TOPICAL TERM
Topical Term Diploma Engineering
942 ## - ADDED ENTRY ELEMENTS (KOHA)
Koha item type Books
Holdings
Lost status Damaged status Home library Date acquired Cost, normal purchase price Full call number Accession Number Koha item type Current library Shelving location Collection code
    JRU Library 30/06/2016 400.00 19600 19600 Books      
    JRU Library 30/06/2016 400.00 19600 19601 Books   SHELF-42-G  
    JRU Library 30/06/2016 400.00 19600 19602 Books   SHELF-43-G  
    JRU Library 30/06/2016 400.00 19600 19603 Books   SHELF-43-G  
    JRU Library 30/06/2016 400.00 19600 19604 Books   SHELF-43-G  
    JRU Library 30/06/2016 400.00 19600 19605 Books   SHELF-43-G  
    JRU Library 30/06/2016 400.00 19600 19606 Books   SHELF-43-G  
    JRU Library 30/06/2016 400.00 19600 19607 Books   SHELF-43-G  
    JRU Library 30/06/2016 400.00 19600 19608 Books   SHELF-43-G  
    JRU Library 30/06/2016 400.00 19600 19609 Books   SHELF -72 - J Reference